[Event "Crema op 22nd"]
[Site "Crema"]
[Date "2022.09.11"]
[Round "5"]
[White "Martino, Antonio M"]
[Black "Bachi, Jacopo Francesco"]
[Result "1/2-1/2"]
[WhiteElo "1931"]
[BlackElo "1693"]
[PlyCount "50"]
[EventDate "2022.09.09"]
[EventType "swiss"]
[EventRounds "6"]
[EventCountry "ITA"]
[SourceTitle "CBM 210 Extra"]
[Source "ChessBase"]
[SourceDate "2022.11.30"]
[SourceVersion "1"]
[SourceVersionDate "2022.11.30"]
[SourceQuality "1"]

1. c4 Nf6 2. g3 c6 3. Nf3 d5 4. Bg2 Bf5 5. b3 Nbd7 6. Bb2 e6 7. 0-0 Be7 8. Nc3 h6 9. d3 0-0 10. Re1 Bh7 11. e4 dxe4 12. dxe4 e5 13. Qe2 Qc7 14. Nh4 Rfe8 15. Nf5 Bf8 16. Ne3 Nc5 17. f3 Rad8 18. Red1 Ne6 19. Nc2 h5 20. Rxd8 Rxd8 21. Rd1 h4 22. Rxd8 Qxd8 23. Qd1 hxg3 24. hxg3 Qc7 25. Ne2 Ne8 1/2-1/2